[Event "401 Stay Safe Play From Home series"]
[Site "Emanuel Lasker Arena"]
[Date "2020.08.21"]
[Round "9"]
[White "NTBT_DHS"]
[Black "Hickey"]
[Result "1-0"]
[WhiteElo "2496"]
[BlackElo "2279"]
[Annotator "TA"]
[PlyCount "49"]
[EventDate "2020.08.21"]
[EventType "swiss (blitz)"]

{[%evp 11,49,1,11,-82,-87,-173,-178,-166,-37,-47,0,0,0,0,99,0,987,986,905,920,786,181,202,182,204,202,216,216,214,196,236,202,249,191,232,215,1048,1039,2024,2171]} 1. e4 c6 2. Nf3 d5 3. exd5 cxd5 4. d4 Nf6 5. c4 Nc6 {[%cal Bb8c6,Bc6d4,Bd4c2][%mdl 32]} 6. Nc3 Bg4 7. Qb3 {B13: Caro-Kann: Exchange Variation and Panov-Botvinnik Attack.} (7. Bg5 $11) 7... Bxf3 $1 $17 8. Qxb7 (8. gxf3 $17 {was worth a try.} Nxd4 {[%mdl 64] Double Attack} 9. Qd1 dxc4 10. Be3) 8... Nxd4 $19 9. gxf3 {Black is clearly better.} Rb8 (9... e5 $19 {Strongly threatening ...Rb8.} 10. Bd3 Rb8 11. Qxa7 dxc4 12. Qa4+ (12. Bxc4 Nd7 $17) 12... Qd7) 10. Qxa7 $15 Nc2+ {[%mdl 64] Double Attack} ({Of course not} 10... Nxf3+ 11. Ke2 $14) 11. Kd1 $1 {[%cal Rd1c2]} Nxa1 12. c5 {[#] And now Bf4 would win.} e6 $146 {[#]} (12... e5 $1 $11 {remains equal.} 13. Bb5+ Rxb5 $1 {[%mdl 512]} 14. Nxb5 Qc8) ({Predecessor:} 12... e5 13. Bb5+ Rxb5 14. Nxb5 Be7 15. Nc7+ Kf8 16. b4 Qd7 17. Qb8+ Bd8 18. Nb5 Ne8 {½-½ (29) Berchtenbreiter,M (2394)-Khenkin,I (2592) Bad Homburg 2015}) 13. Bb5+ {[#]} (13. Bf4 $1 $16 {[%cal Rf4b8]} Rxb2 14. Bb5+ Rxb5 15. Nxb5) 13... Nd7 $2 {[%mdl 8192]} (13... Rxb5 $1 $11 14. Nxb5 Be7 15. Nc7+ Kf8) 14. Bxd7+ $18 {[%mdl 64] Overworked Piece} Qxd7 15. Qxb8+ Ke7 16. Qd6+ $2 (16. Qa8 Qc7 17. c6) 16... Qxd6 17. cxd6+ Kxd6 18. b3 Be7 19. Bb2 Nxb3 20. axb3 Rb8 21. Kc2 Bf6 22. Rd1 Ke7 23. Rd3 Rb4 $2 (23... Rc8) 24. Ba3 Bxc3 25. Kxc3 {[%mdl 64] Pin. Accuracy: White = 43%, Black = 26%.} 1-0

[Event "401 Stay Safe Play From Home series"]
[Site "Emanuel Lasker Arena"]
[Date "2020.08.21"]
[Round "9"]
[White "IceQueen"]
[Black "Trotsky"]
[Result "1-0"]
[WhiteElo "2417"]
[BlackElo "1612"]
[Annotator "TA"]
[PlyCount "41"]
[EventDate "2020.08.21"]
[EventType "swiss (blitz)"]

{[%evp 9,41,45,279,6,5,-32,10,8,20,0,71,64,95,19,24,0,10,-28,120,10,144,117,122,112,264,192,351,310,477,453,29986,29980,2733,1857]} 1. e4 c5 2. d4 e6 3. d5 d6 4. dxe6 Bxe6 5. Nc3 {[%cal Bb1c3,Bc3e2,Be2f4,Bf4e6][%mdl 32] [#]} d5 $146 ({Black should play} 5... Nc6 $14) ({Predecessor:} 5... Nf6 6. Nf3 Be7 7. Ng5 Nc6 8. Nxe6 fxe6 9. Bc4 Qd7 {½-½ (9) Muzychuk,A (2583)-Muzychuk,M (2490) Gaziantep 2012}) 6. Nf3 $2 {A43: Schmid Benoni.} (6. Nxd5 Nf6 $16) ({White should try} 6. exd5 $18 Bf5 7. Qf3) 6... d4 $11 7. Bb5+ (7. Ne2 {is interesting.} Nf6 8. Nf4 Bg4 9. e5 Nd5 10. Bd3) 7... Nc6 8. Bxc6+ $1 {The position is equal.} bxc6 9. Ne2 Qc7 (9... Nf6 $11) 10. O-O $16 Bd6 {[#]} 11. e5 (11. b4 $1 $16 {[%mdl 512]}) 11... Bxe5 $11 12. Nxe5 Qxe5 13. Nf4 Qc7 (13... Nf6 $11) 14. Re1 ({Better is} 14. Qh5 $16 O-O-O 15. Qxc5 (15. Nxe6 fxe6 16. Qxc5 Nf6 $11)) 14... O-O-O (14... Nf6 $1 $11 {remains equal.}) 15. Nxe6 fxe6 16. Rxe6 h5 $2 {A mistake that costs the game.} (16... Nf6 $16) 17. Bg5 Rf8 $2 (17... Nf6 18. Qf3 (18. Bxf6 gxf6 19. Rxf6 Kb7 $16) 18... Kb7 19. Qb3+ (19. Bxf6 gxf6 20. Rae1 c4 $16) 19... Ka8) 18. Qe2 Nf6 (18... Kb7 $142 19. Re1 Rc8) 19. Re7 $18 {Threatens to win with Qa6+.} Qd6 (19... Qb6 $18 20. Bf4 Nd7) 20. Qa6+ {[%mdl 64] [#] Double Attack} Kd8 21. Rb7 {Accuracy: White = 39%, Black = 14%.} 1-0

[Event "401 Stay Safe Play From Home series"]
[Site "Emanuel Lasker Arena"]
[Date "2020.08.21"]
[Round "9"]
[White "MihailoVujic"]
[Black "Buzaglo"]
[Result "1-0"]
[WhiteElo "2250"]
[BlackElo "1866"]
[Annotator "TA"]
[PlyCount "55"]
[EventDate "2020.08.21"]
[EventType "swiss (blitz)"]

{[%evp 15,54,14,14,8,39,0,0,0,0,-12,30,0,0,0,0,-2,0,-4,207,224,422,408,490,437,458,431,565,555,29985,29986,29985,29986,29982,2158,29983,29984,29984,29985,29998,29999,29999]} 1. e4 e5 2. Nf3 d6 3. d4 exd4 4. Qxd4 Be7 5. Nc3 Nf6 6. Bg5 O-O 7. O-O-O Nc6 8. Qd2 Be6 9. Bd3 {C41: Philidor Defence.} Ne5 10. Nxe5 dxe5 {[#]} 11. Kb1 $146 {The position is equal.} ({Predecessor:} 11. Be2 Qxd2+ 12. Rxd2 c6 13. h3 h6 14. Bh4 b5 15. Bxf6 Bxf6 16. Rd6 Rac8 17. Bg4 Bxg4 18. hxg4 {½-½ (44) Kopinits,A (2152)-Schneider,I (2435) Pardubice 2007}) 11... h6 12. Be3 Qc8 13. h3 Rd8 14. Qe2 c6 15. f4 exf4 16. Bxf4 Bd6 $2 {Loses the game.} (16... b5 $11 {and Black stays safe.}) 17. e5 $18 Bxe5 $2 (17... Bb8 18. exf6 Bxf4) 18. Bxe5 Nd5 19. Nxd5 Rxd5 20. Bc3 Rd8 21. Qe4 {aiming for Qh7+.} g6 22. Qe5 {[%csl Gc3][%cal Re5h8]} Kf8 23. Qg7+ {[%mdl 64] Double Attack} Ke8 {[#]} 24. Bf6 (24. Bxg6 $142 $1 Rd5 (24... fxg6 25. Qxg6+) 25. Bxf7+ Bxf7 26. Rhe1+ Qe6 27. Rxe6+ Bxe6 28. Rf1 Bf7 29. Qxf7+ {[%mdl 64] Double Attack} Kd8 30. Qxb7 {[%mdl 64] Double Attack}) 24... Rd5 {[#]} 25. Bxg6 $1 {White mates.} Kd7 (25... fxg6 26. Qe7#) 26. Bxf7 Bxf7 27. Qxf7+ {[%mdl 64] Double Attack} Kd6 28. Qe7# {Accuracy: White = 74%, Black = 23%.} 1-0

[Event "401 Stay Safe Play From Home series"]
[Site "Emanuel Lasker Arena"]
[Date "2020.08.21"]
[Round "9"]
[White "Fat Kevin"]
[Black "Lamborghini"]
[Result "*"]
[WhiteElo "2056"]
[BlackElo "2246"]
[Annotator "TA"]
[PlyCount "36"]
[EventDate "2020.08.21"]
[EventType "swiss (blitz)"]

{[%evp 9,36,4,14,-19,-5,-12,4,-18,-4,-16,-33,-33,0,6,17,-11,45,25,97,24,35,-29,295,280,731,719,29991,0,0]} 1. g3 e5 2. Bg2 d5 3. c4 dxc4 4. Qa4+ Nd7 5. Qxc4 Ngf6 6. Nc3 {A00: Irregular Openings.} Bd6 7. Nf3 {[#]} O-O $146 ({Predecessor:} 7... c6 8. O-O O-O 9. d3 Qe7 10. Rb1 h6 11. b4 Nb6 12. Qb3 Nbd5 13. a3 Nxc3 {½-½ (13) Chadaev,N (2561)-Vorobiov,E (2606) St Petersburg 2009}) 8. d4 Nb6 9. Qb3 exd4 10. Nxd4 Bxg3 11. hxg3 {[#] Black must now prevent Be3.} Qxd4 12. Be3 Qc4 (12... Qg4 $11) 13. Qc2 {Strongly threatening Bg5.} Be6 (13... c6 $11 {remains equal.}) 14. Rc1 (14. Rh4 $16 Bg4 15. Bxb7) 14... c6 $11 15. Bg5 (15. Rh4 $14 Qa6 16. Ne4) 15... Rfe8 $2 {[%mdl 8192]} (15... Nbd7 $11 {and Black is okay.}) 16. Bxf6 $18 g6 $2 (16... gxf6 17. Qxh7+ Kf8 18. Qh6+ Ke7 19. Nd5+ {[%mdl 64] Discovered Attack} Bxd5) 17. Qd2 {[#] Intending Qh6 and mate.} Nd5 18. Qh6 $2 (18. Bxd5 {mates} Qd4 19. Qxd4 Bh3 20. Qd2 Rxe2+ 21. Nxe2 Kf8 22. Qb4+ {[%mdl 64] Double Attack} c5 23. Qxb7 {[%mdl 64] Double Attack} Bd7 24. Qxd7 h5 25. Qxf7#) 18... Nxf6 {Accuracy: White = 56%, Black = 30%.} *

[Event "401 Stay Safe Play From Home series"]
[Site "Emanuel Lasker Arena"]
[Date "2020.08.21"]
[Round "9"]
[White "Fat Kevin"]
[Black "Lamborghini"]
[Result "0-1"]
[WhiteElo "2056"]
[BlackElo "2245"]
[Annotator "TA"]
[PlyCount "72"]
[EventDate "2020.08.21"]
[EventType "swiss (blitz)"]

{[%evp 9,71,-16,-25,-15,-25,-25,0,0,-4,-8,-12,-15,0,-15,0,0,0,0,0,-202,-202,-251,-189,-224,-220,-311,-322,-306,-285,-294,-295,-652,-629,-604,-588,-616,-605,-648,-631,-814,-813,-853,-841,-1047,-917,-849,-870,-850,-832,-1288,-1283,-2045,-2024,-29990,-29985,-29985,-29986,-29990,-29990,-29995,-29996,-29997,-29998,-29999]} 1. g3 e5 2. Bg2 d5 3. c3 Nc6 4. d4 Nf6 5. dxe5 Nxe5 6. Nf3 {A00: Irregular Openings.} Nxf3+ 7. exf3 {[#]} Bf5 $146 ({Predecessor:} 7... Be7 8. O-O O-O 9. Re1 Bc5 10. a4 a5 11. Na3 c6 12. Nc2 h6 13. Nd4 Ne8 {0-1 (48) Berchtenbreiter,M (2373)-Ikonnikov,V (2536) Vlissingen 2016}) 8. O-O {The position is equal.} Be7 9. Re1 O-O 10. Nd2 Bg6 11. c4 dxc4 12. Nxc4 Qxd1 13. Rxd1 Rfd8 $36 {[%mdl 2048] Black has some pressure.} 14. Re1 $2 {[#] Black keeps a firm grip on the game.} (14. Be3 $11 {and White is okay.}) 14... Bb4 $19 15. Re3 Nd5 16. Rb3 {With the idea a3.} Bc2 17. Ne3 (17. Re3 $142) 17... Bxb3 18. axb3 Nb6 19. f4 c6 20. Nc4 $2 (20. Be4) 20... Nxc4 21. bxc4 Rd1+ 22. Bf1 Bd2 23. Kg2 Rxc1 24. Ra3 a5 25. Rd3 Bb4 26. Be2 g6 27. b3 Rc2 28. Bf3 Rb2 29. Re3 Rd8 30. g4 Rdd2 31. f5 Bc5 {Black mates.} 32. Re8+ {[#]} Kg7 $1 33. g5 gxf5 34. Bh5 Rxf2+ 35. Kg3 Bd6+ 36. Kh4 Rxh2# {Accuracy: White = 45%, Black = 92%.} 0-1

[Event "401 Stay Safe Play From Home series"]
[Site "Emanuel Lasker Arena"]
[Date "2020.08.21"]
[Round "9"]
[White "Lazieri3"]
[Black "AChessPlayer"]
[Result "*"]
[WhiteElo "1971"]
[BlackElo "2444"]
[Annotator "RC"]
[PlyCount "32"]
[EventDate "2020.08.21"]
[EventType "swiss (blitz)"]

1. e4 {[%emt 0:00:02]} d6 {[%emt 0:00:01]} 2. Nc3 {[%emt 0:00:00]} Nf6 {[%emt 0:00:00]} 3. d4 {[%emt 0:00:00]} Nbd7 {[%emt 0:00:00]} 4. f3 {[%emt 0:00:00]} e5 {[%emt 0:00:00]} 5. Be3 {[%emt 0:00:01]} c6 {[%emt 0:00:02]} 6. Bc4 {[%emt 0:00:02]} b5 {[%emt 0:00:01]} 7. Bb3 {[%emt 0:00:01]} a5 {[%emt 0:00:00]} 8. a4 {[%emt 0:00:01]} b4 {[%emt 0:00:01]} 9. Nce2 {[%emt 0:00:01]} Ba6 {[%emt 0:00:01]} 10. Nh3 {[%emt 0:00:01]} exd4 {[%emt 0:00:02]} 11. Nxd4 {[%emt 0:00:01]} c5 {[%emt 0:00:01]} 12. Nb5 {[%emt 0:00:03]} Ne5 {[%emt 0:00:03]} 13. O-O {[%emt 0:00:04]} c4 {[%emt 0:00:02]} 14. f4 {[%emt 0:00:04]} Neg4 {[%emt 0:00:02]} 15. Bxc4 {[%emt 0:00:11]} Nxe3 {[%emt 0:00:02]} 16. Qd3 {[%emt 0:00:01]} Nxc4 {[%emt 0:00:02]} *

[Event "401 Stay Safe Play From Home series"]
[Site "Emanuel Lasker Arena"]
[Date "2020.08.21"]
[Round "9"]
[White "Lazieri3"]
[Black "AChessPlayer"]
[Result "1/2-1/2"]
[WhiteElo "1971"]
[BlackElo "2444"]
[Annotator "RC"]
[PlyCount "104"]
[EventDate "2020.08.21"]
[EventType "swiss (blitz)"]

1. e4 {[%emt 0:00:01]} d6 {[%emt 0:00:08]} 2. d3 {[%emt 0:00:01]} Nf6 {[%emt 0:00:00]} 3. Nc3 {[%emt 0:00:00]} c5 {[%emt 0:00:01]} 4. Nf3 {[%emt 0:00:00]} Nc6 {[%emt 0:00:00]} 5. Be3 {[%emt 0:00:00]} g6 {[%emt 0:00:00]} 6. Qd2 {[%emt 0:00:01]} Bg7 {[%emt 0:00:00]} 7. Bh6 {[%emt 0:00:01]} O-O {[%emt 0:00:01]} 8. h4 {[%emt 0:00:01]} Bxh6 {[%emt 0:00:01]} 9. Qxh6 {[%emt 0:00:02]} Ng4 {[%emt 0:00:00]} 10. Qd2 {[%emt 0:00:01]} h5 {[%emt 0:00:01]} 11. Be2 {[%emt 0:00:01]} Rb8 {[%emt 0:00:02]} 12. a4 {[%emt 0:00:01]} a6 {[%emt 0:00:01]} 13. Nd5 {[%emt 0:00:01]} b5 {[%emt 0:00:01]} 14. axb5 {[%emt 0:00:00]} axb5 {[%emt 0:00:00]} 15. Ne3 {[%emt 0:00:01]} Nd4 {[%emt 0:00:01]} 16. Nxd4 {[%emt 0:00:03]} Nxe3 {[%emt 0:00:01]} 17. Nc6 {[%emt 0:00:07]} Nxg2+ {[%emt 0:00:01]} 18. Kf1 {[%emt 0:00:01]} Qc7 {[%emt 0:00:01]} 19. Nxb8 {[%emt 0:00:02]} d5 {[%emt 0:00:01]} 20. Kxg2 {[%emt 0:00:03]} Qxb8 {[%emt 0:00:13]} 21. exd5 {[%emt 0:00:04]} Bb7 {[%emt 0:00:00]} 22. Bf3 {[%emt 0:00:01]} Qd6 {[%emt 0:00:00]} 23. Ra7 {[%emt 0:00:04]} Bxd5 {[%emt 0:00:00]} 24. Bxd5 {[%emt 0:00:02]} Qxd5+ {[%emt 0:00:00]} 25. Kh2 {[%emt 0:00:01]} Qd6+ {[%emt 0:00:01]} 26. f4 {[%emt 0:00:02]} e5 {[%emt 0:00:01]} 27. Rf1 {[%emt 0:00:02]} c4 {[%emt 0:00:01]} 28. fxe5 {[%emt 0:00:02]} Qxe5+ {[%emt 0:00:01]} 29. Qf4 {[%emt 0:00:00]} Qe2+ {[%emt 0:00:01]} 30. Rf2 {[%emt 0:00:01]} Qe6 {[%emt 0:00:00]} 31. dxc4 {[%emt 0:00:01]} bxc4 {[%emt 0:00:00]} 32. c3 {[%emt 0:00:00]} Qd5 {[%emt 0:00:01]} 33. Rc7 {[%emt 0:00:02]} Qe6 {[%emt 0:00:01]} 34. Rxc4 {[%emt 0:00:01]} Rd8 {[%emt 0:00:01]} 35. Rc7 {[%emt 0:00:01]} Rf8 {[%emt 0:00:03]} 36. b4 {[%emt 0:00:01]} Qd5 {[%emt 0:00:01]} 37. Rxf7 {[%emt 0:00:01]} Rxf7 {[%emt 0:00:01]} 38. Qxf7+ {[%emt 0:00:00]} Qxf7 {[%emt 0:00:00]} 39. Rxf7 {[%emt 0:00:00]} Kxf7 {[%emt 0:00:01]} 40. Kg3 {[%emt 0:00:00]} Ke7 {[%emt 0:00:00]} 41. Kf4 {[%emt 0:00:00]} Ke6 {[%emt 0:00:00]} 42. b5 {[%emt 0:00:00]} Kf6 {[%emt 0:00:01]} 43. c4 {[%emt 0:00:00]} g5+ {[%emt 0:00:01]} 44. hxg5+ {[%emt 0:00:00]} Ke6 {[%emt 0:00:00]} 45. b6 {[%emt 0:00:00]} Kd7 {[%emt 0:00:01]} 46. b7 {[%emt 0:00:00]} Kc7 {[%emt 0:00:00]} 47. g6 {[%emt 0:00:00]} Kxb7 {[%emt 0:00:00]} 48. g7 {[%emt 0:00:00]} Kc6 {[%emt 0:00:00]} 49. g8=Q {[%emt 0:00:00]} Kc5 {[%emt 0:00:00]} 50. Qg5+ {[%emt 0:00:00]} Kb4 {[%emt 0:00:00]} 51. Qxh5 {[%emt 0:00:00]} Kxc4 {[%emt 0:00:00]} 52. Qd5+ {[%emt 0:00:00]} Kxd5 {[%emt 0:00:01] (Lag: Av=0.72s, max=1.5s) (Lag: Av=0.72s, max=1.5s) (Lag: Av=0.72s, max=1.5s)} 1/2-1/2

[Event "401 Stay Safe Play From Home series"]
[Site "Emanuel Lasker Arena"]
[Date "2020.08.21"]
[Round "9"]
[White "Ao017545"]
[Black "Aerocot"]
[Result "0-1"]
[WhiteElo "1622"]
[BlackElo "1361"]
[Annotator "NA RC"]
[PlyCount "24"]
[EventDate "2020.08.21"]
[EventType "swiss (blitz)"]

1. e4 {[%emt 0:00:01]} e5 {[%emt 0:00:02]} 2. Nf3 {[%emt 0:00:00]} Nc6 {[%emt 0:00:00]} 3. Bc4 {[%emt 0:00:00]} Nf6 {[%emt 0:00:02]} 4. Ng5 {[%emt 0:00:02]} d5 {[%emt 0:00:01]} 5. exd5 {[%emt 0:00:02]} Na5 {[%emt 0:00:01]} 6. Bb5+ {[%emt 0:00:01]} c6 {[%emt 0:00:01]} 7. dxc6 {[%emt 0:00:00]} bxc6 {[%emt 0:00:01]} 8. Qf3 {[%emt 0:00:01]} h6 {[%emt 0:00:05]} 9. Ne4 {[%emt 0:00:03]} Bg4 {[%emt 0:00:05]} 10. Nxf6+ {[%emt 0:00:03]} Qxf6 {[%emt 0:00:04]} 11. Qxg4 {[%emt 0:00:05]} cxb5 {[%emt 0:00:02]} 12. Qe4 {[%emt 0:00:03]} Nc6 {[%emt 0:00:04] Ao017545 reconnected. Ao017545 reconnected. Ao017545 reconnected. Zaman Zaman Zaman} 0-1

[Event "401 Stay Safe Play From Home series"]
[Site "Emanuel Lasker Arena"]
[Date "2020.08.21"]
[Round "9"]
[White "Ao017545"]
[Black "Aerocot"]
[Result "1-0"]
[WhiteElo "1622"]
[BlackElo "1361"]
[Annotator "NA"]
[PlyCount "33"]
[EventDate "2020.08.21"]
[EventType "swiss (blitz)"]

1. e4 {[%emt 0:00:02]} e5 {[%emt 0:00:04]} 2. Nf3 {[%emt 0:00:00]} Nc6 {[%emt 0:00:03]} 3. Bc4 {[%emt 0:00:00]} Nf6 {[%emt 0:00:03]} 4. Nc3 {[%emt 0:00:01]} Be7 {[%emt 0:00:02]} 5. Ng5 {[%emt 0:00:01]} O-O {[%emt 0:00:01]} 6. h4 {[%emt 0:00:00]} h6 {[%emt 0:00:02]} 7. d3 {[%emt 0:00:02]} Na5 {[%emt 0:00:02]} 8. Bb3 {[%emt 0:00:02]} Nxb3 {[%emt 0:00:02]} 9. axb3 {[%emt 0:00:00]} d5 {[%emt 0:00:03]} 10. Nxd5 {[%emt 0:00:03]} Nxd5 {[%emt 0:00:02]} 11. exd5 {[%emt 0:00:00]} Qxd5 {[%emt 0:00:02]} 12. Ne4 {[%emt 0:00:02]} Bf5 {[%emt 0:00:06]} 13. Qf3 {[%emt 0:00:01]} Bxe4 {[%emt 0:00:04]} 14. dxe4 {[%emt 0:00:02]} Qe6 {[%emt 0:00:02]} 15. Qg3 {[%emt 0:00:02]} Rad8 {[%emt 0:00:05]} 16. O-O {[%emt 0:00:01]} h5 {[%emt 0:00:06]} 17. Rxa7 {[%emt 0:00:01] Time Time Time (Lag: Av=1.07s, max=2.2s) (Lag: Av=1.07s, max=2.2s) (Lag: Av=1.07s, max=2.2s) ' ' '} 1-0

[Event "401 Stay Safe Play From Home series"]
[Site "Emanuel Lasker Arena"]
[Date "2020.08.21"]
[Round "9"]
[White "Klasman"]
[Black "Schachwerk_64"]
[Result "*"]
[WhiteElo "1313"]
[BlackElo "1886"]
[Annotator "NA RC"]
[PlyCount "26"]
[EventDate "2020.08.21"]
[EventType "swiss (blitz)"]

1. f4 {[%emt 0:00:02]} Nc6 {[%emt 0:00:00]} 2. Nf3 {[%emt 0:00:01]} f5 {[%emt 0:00:01]} 3. c4 {[%emt 0:00:02]} d5 {[%emt 0:00:02]} 4. cxd5 {[%emt 0:00:01]} Qxd5 {[%emt 0:00:00]} 5. Nc3 {[%emt 0:00:03]} Qd8 {[%emt 0:00:00]} 6. d4 {[%emt 0:00:01]} Nf6 {[%emt 0:00:00]} 7. e3 {[%emt 0:00:01]} e6 {[%emt 0:00:01]} 8. Bb5 {[%emt 0:00:03]} Bd7 {[%emt 0:00:01]} 9. Qb3 {[%emt 0:00:04]} Bb4 {[%emt 0:00:05]} 10. Bxc6 {[%emt 0:00:02]} Bxc3+ {[%emt 0:00:01]} 11. bxc3 {[%emt 0:00:02]} bxc6 {[%emt 0:00:01]} 12. Ne5 {[%emt 0:00:03]} Rb8 {[%emt 0:00:04]} 13. Qa4 {[%emt 0:00:07]} Nd5 {[%emt 0:00:02]} *

[Event "401 Stay Safe Play From Home series"]
[Site "Emanuel Lasker Arena"]
[Date "2020.08.21"]
[Round "9"]
[White "Klasman"]
[Black "Schachwerk_64"]
[Result "0-1"]
[WhiteElo "1313"]
[BlackElo "1886"]
[Annotator "NA RC"]
[PlyCount "56"]
[EventDate "2020.08.21"]
[EventType "swiss (blitz)"]

1. f4 {[%emt 0:00:08]} Nc6 {[%emt 0:00:04]} 2. Nf3 {[%emt 0:00:01]} f5 {[%emt 0:00:01]} 3. c4 {[%emt 0:00:02]} e6 {[%emt 0:00:03]} 4. Nc3 {[%emt 0:00:01]} Nf6 {[%emt 0:00:01]} 5. d4 {[%emt 0:00:01]} b6 {[%emt 0:00:01]} 6. e3 {[%emt 0:00:01]} Bb7 {[%emt 0:00:01]} 7. d5 {[%emt 0:00:02]} exd5 {[%emt 0:00:01]} 8. cxd5 {[%emt 0:00:01]} Nb4 {[%emt 0:00:01]} 9. Bc4 {[%emt 0:00:03]} Bc5 {[%emt 0:00:02]} 10. a3 {[%emt 0:00:02]} Na6 {[%emt 0:00:07]} 11. Qd3 {[%emt 0:00:01]} O-O {[%emt 0:00:04]} 12. Bxa6 {[%emt 0:00:02]} Bxa6 {[%emt 0:00:03]} 13. Qxa6 {[%emt 0:00:01]} Re8 {[%emt 0:00:00]} 14. Qd3 {[%emt 0:00:02]} d6 {[%emt 0:00:02]} 15. b4 {[%emt 0:00:03]} Bxe3 {[%emt 0:00:03]} 16. Bxe3 {[%emt 0:00:01]} Ng4 {[%emt 0:00:01]} 17. Nd1 {[%emt 0:00:08]} a5 {[%emt 0:00:01]} 18. h3 {[%emt 0:00:01]} axb4 {[%emt 0:00:01]} 19. hxg4 {[%emt 0:00:02]} fxg4 {[%emt 0:00:01]} 20. Ng5 {[%emt 0:00:02]} g6 {[%emt 0:00:07]} 21. Rh6 {[%emt 0:00:03]} Re7 {[%emt 0:00:03]} 22. Ne6 {[%emt 0:00:03]} Qe8 {[%emt 0:00:02]} 23. Nf2 {[%emt 0:00:02]} c6 {[%emt 0:00:01]} 24. Nxg4 {[%emt 0:00:01]} Qf7 {[%emt 0:00:02]} 25. Nf6+ {[%emt 0:00:02]} Qxf6 {[%emt 0:00:01]} 26. Rxh7 {[%emt 0:00:02]} Kxh7 {[%emt 0:00:01]} 27. Qxg6+ {[%emt 0:00:01]} Kxg6 {[%emt 0:00:01]} 28. g4 {[%emt 0:00:01]} Qxf4 {[%emt 0:00:01] Time Time Time (Lag: Av=0.70s, max=1.4s) (Lag: Av=0.70s, max=1.4s) (Lag: Av=0.70s, max=1.4s)} 0-1